000
00295nam a2200133Ia 4500
100
_a
Yehnanarayana
942
_c
BK
654
_a
artificial
245
_a
Artificial Neural Networks
260
_b
Prentice Hall
_a
New Delhi
_c
2003
082
_a
4.65
_b
YEH
300
_a
461
546
_a
ENGLISH
999
_c
30147
_d
30147